000 01028nam a2200253Ia 4500
003 OSt
005 20220923215540.0
006 a|||||r|||| 00| 0
007 ta
008 220922b |||||||| |||| 00| 0 hin d
024 _a179,685
037 _cTextual
040 _aARTS
_cARTS
_bhin
041 _2hin
_ahin
082 _aO152,1J32:g, M0
100 _aपाण्डेय, इन्द्रजीत; जैथालिया, जुगलकिशोर, संपा.
_9163877
245 0 _aतुलसीदास
_b चिन्तन
246 _aTulasīdāsa: chintana: anuchintana
260 _aकलकत्ता
_b संठ सूरजमल जालान पुस्तकालय
_c1980
300 _a226 पृ.
_ccm.
650 _aहिन्दी साहित्य
_9156264
942 _hO152,1J32:g, M0
_cTEXL
_2CC
999 _c333066
_d333066